00446nam a2200169Ia 4500003000400000008004100004040001600045082001300061100001600074245007800090260003100168300001100199490002500210650001200235650001500247650001400262GCL140319s9999 xx 000 0 eng d aGCL / cGCL04a570bM H1 aMAYR, ERNST10aHISTOIRE DE LA BIOLOGIE: DIVERSITE, EVOLUTION ET HEREDITE / cMAYR, ERNST a[S.N] : bFAYARD ، c1989 a1204 P aLE LIVRE DE POCHEv004aBIOLOGY04aBIOLOGICAL04aEVOLUTION